ՀՀ Գիտությունների ազգային ակադեմիայի հիմնարար գիտական գրադարան  =   Fundamental Scientific Library of NAS RA

Հայ գյուղագիրներ : (Record no. 9418)

MARC details
000 -LEADER
fixed length control field 01193nam a2200229 a 4500
001 - CONTROL NUMBER
control field 000023636
003 - CONTROL NUMBER IDENTIFIER
control field AM-YEHGA
005 - DATE AND TIME OF LATEST TRANSACTION
control field 20250618070844.0
008 - FIXED-LENGTH DATA ELEMENTS--GENERAL INFORMATION
fixed length control field 980610s1950 ai |||||||||||||||||arm|d
040 ## - CATALOGING SOURCE
Original cataloging agency AM-YeHGA
041 0# - LANGUAGE CODE
Language code of text/sound track or separate title arm
090 ## - LOCALLY ASSIGNED LC-TYPE CALL NUMBER (OCLC); LOCAL CALL NUMBER (RLIN)
-- 9483
245 00 - TITLE STATEMENT
Title Հայ գյուղագիրներ :
Remainder of title [Արձակ] /
Statement of responsibility, etc. Կազմ.՝ Ա. Թամազյան; Խմբ. և առաջաբ. հեղ.՝ Ե. Պետրոսյան.
260 ## - PUBLICATION, DISTRIBUTION, ETC.
Place of publication, distribution, etc. Երևան :
Name of publisher, distributor, etc. Հայպետհրատ,
Date of publication, distribution, etc. 1950.
300 ## - PHYSICAL DESCRIPTION
Extent 566 էջ ;
Dimensions 26 սմ.
500 ## - GENERAL NOTE
General note Կենսագրական տեղեկություններ, էջ՝ 571-576
500 ## - GENERAL NOTE
General note Գրքում զետեղված են Ա. Ագապյանի, Ա. Ադելյանի, Հ. Ճուղուրյանի, Ա. Շահնազարյանի, Ն. Մամիկոնյանի, Հ. Մալխասյանի, Սանդալի, Ս. Մելիք-Շահնազարյանցի, Ա. Աբովյանի, Ջավախեցու ստեղծագործությունները
650 14 - SUBJECT ADDED ENTRY--TOPICAL TERM
Topical term or geographic name entry element Հայ գրականություն
General subdivision Արձակ
700 1# - ADDED ENTRY--PERSONAL NAME
Personal name Թամազյան, Ա.Խ.
Relator term կազմ.
Relationship com
700 1# - ADDED ENTRY--PERSONAL NAME
Personal name Պետրոսյան, Եղիշե Մանուկի,
Dates associated with a name 1912-1982
Relator term խմբ.
Relationship edt
Relator term առաջաբ.
Relationship aui
9 (RLIN) 1402
942 ## - ADDED ENTRY ELEMENTS (KOHA)
Source of classification or shelving scheme Universal Decimal Classification
Koha item type Գրքեր / Books
Holdings
Withdrawn status Lost status Damaged status Not for loan Collection Home library Current library Date acquired Total checkouts Full call number Barcode Date last seen Cost, replacement price Price effective from Koha item type Public note
        General Fundamental Scientific Library Fundamental Scientific Library 21/12/2016   AIII/1952 FL0067440 21/12/2016 15.00 21/12/2016 Գրքեր / Books 30 Days Loan
        General Fundamental Scientific Library Fundamental Scientific Library 21/12/2016   AIII/1953 FL0067441 21/12/2016 15.00 21/12/2016 Գրքեր / Books 30 Days Loan
        General Fundamental Scientific Library Fundamental Scientific Library 21/12/2016   AIII/1954 FL0067442 21/12/2016 15.00 21/12/2016 Գրքեր / Books 30 Days Loan
        General Fundamental Scientific Library Fundamental Scientific Library 21/12/2016   AIII/1955 FL0066912 21/12/2016   21/12/2016 Գրքեր / Books 30 Days Loan
        General Fundamental Scientific Library Fundamental Scientific Library 21/12/2016   AIII/1956 FL0066913 21/12/2016   21/12/2016 Գրքեր / Books 30 Days Loan


ՀՀ ԳԱԱ հիմնարար գիտական գրադարան
ՀՀ,Երևան 0019
Մարշալ Բաղրամյան 24/6
հեռախոս:(374-10) 52-47-50
Հետադարձ կապ

All site content, except where otherwise noted, is licensed under a
Creative Commons License